|
|
|
|
| LEADER |
00000nam a2200000 i 4500 |
| 001 |
DIGSBED0081 |
| 003 |
NyNyDIG |
| 006 |
m o d |
| 007 |
cr ||||||||||| |
| 008 |
231019s2021 ag a ob 000 0 spa d |
| 035 |
|
|
|a (OCoLC)1406036737
|
| 040 |
|
|
|a DGITA
|b eng
|e rda
|e pn
|c DGITA
|
| 020 |
|
|
|z 9789874434692
|
| 050 |
1 |
4 |
|a BL51 ebook
|
| 245 |
0 |
3 |
|a La reforma protestante desde el margen :
|b a 500 años del evento banal que revolucionó la cultura de occidente /
|c Fabián Alejandro Campagne [and 10 others] ; Santiago F. Peña [and 3 others].
|
| 250 |
|
|
|a 1a edición.
|
| 264 |
|
1 |
|a Ciudad Autónoma de Buenos Aires :
|b Sb Editorial,
|c [2021]
|
| 300 |
|
|
|a 1 online resource :
|b illustrations.
|
| 336 |
|
|
|a text
|b txt
|2 rdacontent
|
| 337 |
|
|
|a computer file
|b c
|2 rdamedia
|
| 338 |
|
|
|a online resource
|b cr
|2 rdacarrier
|
| 347 |
|
|
|a text file
|2 rdaft
|
| 347 |
|
|
|b PDF
|
| 490 |
1 |
|
|a Paradigma indicial. Serie Historia moderna
|
| 504 |
|
|
|a Includes bibliographical references.
|
| 588 |
0 |
|
|a Online resource; title from PDF title page (Digitalia, viewed October 19, 2023)
|
| 650 |
|
0 |
|a Religion
|x Philosophy.
|
| 650 |
|
0 |
|a Phenomenology.
|
| 700 |
1 |
|
|a Campagne, Fabián Alejandro,
|e author.
|
| 700 |
1 |
|
|a Peña, Santiago F.,
|e editor.
|
| 776 |
0 |
8 |
|i Print version:
|t Reforma protestante desde el margen.
|b 1a edición.
|d Ciudad Autónoma de Buenos Aires : Sb Editorial, [2021]
|z 9789874434692
|
| 791 |
2 |
|
|a Digitalia (Firm),
|e distributor.
|
| 793 |
0 |
|
|g Digitalia eBook Collection:
|a Sb Editorial
|
| 830 |
|
0 |
|a Paradigma indicial.
|p Serie Historia moderna.
|
| 856 |
4 |
0 |
|3 Digitalia Hispánica
|u https://www.digitaliapublishing.com/a/129943/
|
| 910 |
|
|
|a Premium collection: 2023
|